|
|
|
|
| LEADER |
00916nam a2200229 a 4500 |
| 001 |
25126914 |
| 008 |
120129s2012 enk b 000 0 eng d |
| 020 |
|
|
|a 9780194375986 (pbk.)
|
| 040 |
|
|
|a Uk
|b eng
|c Uk
|d Uk
|d BD-DhAAL
|
| 082 |
0 |
4 |
|a 418
|2 21
|
| 100 |
1 |
|
|a Cook, Guy.
|
| 245 |
1 |
0 |
|a Applied linguistics /
|c Guy Cook ;series editor H.G. Widdowson.
|
| 260 |
|
|
|a Oxford :
|b Oxford University Press,
|c c2003 [Printed 2012]
|
| 300 |
|
|
|a x, 134 p. ;
|c 20 cm.
|
| 490 |
0 |
|
|a Oxford introductions to language study
|
| 504 |
|
|
|a Includes bibliographical references [115-123 p.]
|
| 541 |
|
|
|e 00024363
|
| 650 |
|
0 |
|a Applied linguistics.
|
| 700 |
1 |
|
|a Widdowson, H. G.
|
| 852 |
1 |
|
|a Ayesha Abed Library
|c General shelf.
|
| 999 |
|
|
|c 11878
|d 11878
|
| 952 |
|
|
|0 0
|1 0
|4 0
|6 418_COO
|7 0
|9 19421
|a BRACUL
|b BRACUL
|c GEN
|d 2012-02-15
|e Karim International
|g 1425.00
|l 7
|m 17
|o 418 COO
|p 3010024363
|r 2026-04-05
|s 2026-02-23
|t 1
|w 2012-02-15
|y BK
|x Available
|